Statistics for Popular Broadway Musicals

Click here to take the quiz!

General Stats

  • This quiz has been taken 499 times
  • The average score is 21 of 34

Answer Stats

SongsMusical% Correct
"Supercalifragilisticexpialidocious";"Feed the Birds"Mary Poppins
94%
"Defying Gravity";"Popular"Wicked
93%
"Cell Block Tango"; "All That Jazz"Chicago
90%
"On My Own";"Do You Hear the People Sing?"Les Miserables
90%
"Can You Feel the Love Tonight";"Hakuna Matata"The Lion King
89%
"Tomorrow";"Little Girls"Annie
87%
"Music of the Night";"All I Ask of You"Phantom of the Opera
82%
"Seasons of Love";"Light My Candle"Rent
82%
"Memory";"Grizabella"Cats
81%
"Over The Rainbow";"Ding Dong the Witch is Dead"The Wizard of Oz
81%
"If I Were A Rich Man";"Matchmaker, Matchmaker"Fiddler on the Roof
79%
"Hopelessly Devoted to You";"There are Worse Things I Could Do"Grease
79%
"Somewhere";"Maria"West Side Story
79%
"Don't Cry for Me Argentina";"High Flying Adored"Evita
76%
"Something Good";"Edelweiss"Sound of Music
74%
"Aquarius";"Let the Sunshine In"Hair
72%
"Waving Through a Window";"You Will Be Found"Dear Evan Hansen
66%
"Time Warp";"Dammit Janet"Rocky Horror Picture Show
60%
"Seize the Day";"The Bottom Line"Newsies
59%
"Willkommen";"Don't Tell MamaCabaret
57%
"The Surrey with the Fringe on Top";"Oh What a Beautiful Morning"Oklahoma
57%
"Luck Be a Lady";"If I Were a Bell"Guys and Dolls
54%
"Wouldn't It Be Loverly";"Show Me Love"My Fair Lady
54%
"Food Glorious Food";"As Long as He Needs Me"Oliver
52%
"Everyone's a Little Racist";"There's a Fine Fine LineAvenue Q
46%
"Seventy-Six Trombones";"Goodbye, My Someone"Music Man
43%
"That Face";"Springtime For Hitler"The Producers
40%
"What I Did For Love";"One"A Chorus Line
36%
"Some Enchanted Evening";"I'm Gonna Wash That Man Right Outta My Hair"South Pacific
35%
"Shall We Dance";"Hello Young Lovers"The King and I
29%
"An English Teacher";"A Lot of Livin to Do"Bye Bye Birdie
15%
"If Ever I Would Leave You";"C'est Moi"Camelot
15%
"Whatever Lola Wants, Lola Gets";"Goodbye Old Girl"Damn Yankees
15%
"Crazy World"; "Le Jazz Hot"Victor/Victoria
10%

Score Distribution

Percentile by Number Answered

Percent of People with Each Score

Your Score History

You have not taken this quiz